000 01363nam a22003857a 4500
001 0035461
003 KOHA_MİRAKIL
005 20260207002943.0
007 ta
008 120214b1968 tu |||grb|||#0|||0|tur |
040 _aTR-BiSEU
_btur
_cTR-BiSEU
_erda
041 0 _atur
044 _ctu
050 _aZ8046.5
_b.A83 1968
240 1 0 _aBibliography of the history of Atatürk and his reforms
_lTürkçe
245 0 _aAtatürk ve devrimleri tarihi bibliyografyası =
_bBibliography of the history of Atatürk and his reforms/
_chaz. Muzaffer Gökman.
250 _a İlâveli 2. bası.
264 1 _aİstanbul :
_bMillî Eğitim Basımevi
_c1968
300 _a3 v. ;
_c23 cm.
336 _ametin
_btxt
_2rdacontent
337 _aaracısız
_bn
_2rdamedia
338 _acilt
_bnc
_2rdacarrier
490 1 _aKültür Bakanlığı yayınları ;
_v419.
490 1 _a Atatürk serisi.
490 1 _aDoğumunun 100.
490 1 _ayılında Atatürk yayınları ;
_v28
650 0 _aAtatürk, Mustafa Kemal, 1881-1938--Bibliography.
_920497
650 0 _aTurkey--History 1918-1960--Bibliography.
_967734
830 1 _aKültür Bakanlığı yayınları ;
_v419.
_96658
830 1 _a Atatürk serisi.
_967735
830 1 _aDoğumunun 100.
_912782
830 1 _ayılında Atatürk yayınları ;
_v28
_912783
907 _aBibliyografya
942 _2lcc
_cBK
999 _c35367
_d35367